Catálogo público

La vida secreta de los árboles descubre su mundo oculto: (Record no. 217636)

MARC details
000 -CABECERA
campo de control de longitud fija 01003 a2200265 4500
003 - IDENTIFICADOR DEL NÚMERO DE CONTROL
campo de control OSt
005 - FECHA Y HORA DE LA ÚLTIMA TRANSACCIÓN
campo de control 20230425105845.0
008 - DATOS DE LONGITUD FIJA--INFORMACIÓN GENERAL
campo de control de longitud fija 220905b2020 mx |||f |||| 001 0 spa d
020 ## - NÚMERO INTERNACIONAL ESTÁNDAR DEL LIBRO
Número Internacional Estándar del Libro 9788491110835
040 ## - FUENTE DE LA CATALOGACIÓN
Centro/agencia transcriptor CHAP
082 00 - NÚMERO DE LA CLASIFICACIÓN DECIMAL DEWEY
Número de clasificación 582.1673
Número de documento/Ítem W84y 2020
Número de edición 22
100 1# - ENTRADA PRINCIPAL--NOMBRE DE PERSONA
9 (RLIN) 186767
Nombre de persona Wohlleben, Peter
245 13 - MENCIÓN DE TÍTULO
Título La vida secreta de los árboles descubre su mundo oculto:
Resto del título qué sienten, qué comunican /
Mención de responsabilidad, etc. por Peter Wohlleben; traducción Margarita Gutiérrez
250 ## - MENCIÓN DE EDICIÓN
Mención de edición Decimasegunda edición
264 ## - PRODUCCIÓN, PUBLICACIÓN, DISTRIBUCIÓN, FABRICACIÓN Y COPYRIGHT
Producción, publicación, distribución, fabricación y copyright España:
Nombre del de productor, editor, distribuidor, fabricante Obelisco,
Fecha de producción, publicación, distribución, fabricación o copyright 2020.
300 ## - DESCRIPCIÓN FÍSICA
Extensión 219 páginas:
Otras características físicas Sin ilustraciones.
490 1# - MENCIÓN DE SERIE
Mención de serie Colección espiritualidad y vida interior.
504 ## - NOTA DE BIBLIOGRAFÍA, ETC.
Nota de bibliografía, etc. Incluye índice y bibliografía
534 ## - NOTA SOBRE LA VERSIÓN ORIGINAL
Frase introductoria Título original:
Mención de título del original Das Geheinme Leben del Bäume
650 #4 - PUNTO DE ACCESO ADICIONAL DE MATERIA--TÉRMINO DE MATERIA
9 (RLIN) 35176
Término de materia o nombre geográfico como elemento de entrada Ecología forestal
650 #4 - PUNTO DE ACCESO ADICIONAL DE MATERIA--TÉRMINO DE MATERIA
9 (RLIN) 6599
Término de materia o nombre geográfico como elemento de entrada Arboles
Subdivisión general Fisiología y morfología
700 ## - PUNTO DE ACCESO ADICIONAL--NOMBRE DE PERSONA
9 (RLIN) 186784
Nombre de persona Gutiérrez, Margarita
Término indicativo de función/relación Traductora
830 #0 - PUNTO DE ACCESO ADICIONAL DE SERIE-TÍTULO UNIFORME
9 (RLIN) 186768
Título uniforme Colección espiritualidad y vida interior.
942 ## - ELEMENTOS DE PUNTO DE ACCESO ADICIONAL (KOHA)
Fuente del sistema de clasificación o colocación Dewey Decimal Classification
Tipo de ítem Koha Libro
Holdings
Estado de retiro Estado de pérdida Fuente del sistema de clasificación o colocación Estado dañado Restricciones de uso No para préstamo Código de colección Localización permanente Ubicación/localización actual Ubicación en estantería Fecha de adquisición Total de préstamos Renovaciones totales Signatura topográfica completa Código de barras Fecha visto por última vez Fecha del último préstamo Precio válido a partir de Tipo de ítem Koha Número de copia
    Dewey Decimal Classification   Préstamo 15 días   General Biblioteca Central Biblioteca Central Planta alta - Colección General 21/04/2023 1 1 582.1673 W84y 2020 33724002573025 21/04/2025 21/02/2025 21/04/2023 Libro  
    Dewey Decimal Classification   Préstamo 15 días   General Biblioteca Central Biblioteca Central Planta alta - Colección General 21/04/2023 1   582.1673 W84y 2020 33724002573066 09/09/2024 30/08/2024 21/04/2023 Libro c.2